Držiteľka Ceny mesta kvôli kádrovému posudku takmer nevyštudovala predstavujeme

Bibliographic Details
Main Author: Brezinová, Michaela (Author)
Format: Article
Language:Slovak
PhysicalDescription:2 foto
Subjects:

MARC

LEADER 00000nab a2200000 a 4500
001 vtls001031266
003 SK-MaSNL
005 20260303035758.0
008 040720e20040203xo 0 slo
035 |a SL9820 
040 |a SLLK  |b slo  |c SLLK  |e AACR2 
041 0 |a slo 
044 |a xo  |c SK 
080 |a 929  |2 1981 
100 1 |a Brezinová, Michaela  |4 aut  |9 669983 
245 1 0 |a Držiteľka Ceny mesta kvôli kádrovému posudku takmer nevyštudovala  |b predstavujeme 
300 |b 2 foto 
518 |a 2003 
590 |a Ščurka, František ?-  |b laureát Ceny mesta Stará Ľubovňa 
590 |a Kanderová, Eva ?-  |b profesorka chémie na Gymnáziu T. Vansovej, laureátka Ceny mesta SL 
600 1 7 |a Ščurka, František ?-  |2 SLLK  |9 1023014 
600 1 7 |a Kanderová, Eva  |2 SLLK  |9 1023015 
650 0 7 |a Cena mesta Stará Ľubovňa  |2 SLLK  |9 1022873 
650 0 7 |a nositelia cien a vyznamenaní  |2 SLLK  |9 69667 
651 7 |a Stará Ľubovňa (Slovensko)  |2 SLLK  |9 19193 
651 7 |a SL,  |2 SLLK  |9 1022390 
655 7 |a periodikum  |2 snkbucl  |9 29553 
773 0 8 |t Tatranský denník - Korzár  |g Roč. 6, č.27, 3.2.2004 
852 |a ZVYKNI  |b KIS3GCP 
999 |c 1678869  |d 1680799